000 00399nam a2200181Ia 4500
001 13913
003 GE_BSU
008 181216s||||||||xx |||||||||||||| ||und||
040 _cGE_BSU
080 _a821.111-3
100 _aGalswortby,Jobn.
245 4 _aThe man of property.
260 _bPenguin Books.
260 _c1968
300 _a363p;18cm.
653 _aThe man of property.
942 _cBK
999 _c47056
_d47056